| 000 | 00732nam a22001937a 4500 | ||
|---|---|---|---|
| 999 |
_c18568 _d18568 |
||
| 003 | AR-CdUCM | ||
| 008 | 190514b ||||| |||| 00| 0 spa d | ||
| 040 |
_aMUNICIPALIDAD PROVINCIAL DEL CUSCO _cBIBLIOTECA MUNICIPAL DEL CUSCO |
||
| 082 |
_a277.081 / _bP75 |
||
| 100 |
_aPolia Meconi, Mario _922062 |
||
| 245 | _aLa cosmovisión religiosa andina en los documentos inéditos del archivo Romano de la Compañía de Jesús (1581-1752) / | ||
| 260 |
_aLima : _bPUCP, _c1999. |
||
| 300 |
_a627 páginas ; _c21 cm. |
||
| 505 | _aCartas anuas y misiones de la compañía de Jesús -- Presentación de los datos contenidos | ||
| 650 |
_aReligión andina. _96633 |
||
| 650 |
_aCartas Anuas. _939223 |
||
| 942 |
_2ddc _cLIBROS |
||
| 945 | _awfj | ||